Aging and loss : (Record no. 592110)
[ view plain ]
| 000 -LEADER | |
|---|---|
| fixed length control field | 01340cam a2200373 i 4500 |
| 001 - CONTROL NUMBER | |
| control field | 18244980 |
| 005 - DATE AND TIME OF LATEST TRANSACTION | |
| control field | 20221031095839.0 |
| 008 - FIXED-LENGTH DATA ELEMENTS--GENERAL INFORMATION | |
| fixed length control field | 140728s2014 njuab b 001 0 eng |
| 010 ## - LIBRARY OF CONGRESS CONTROL NUMBER | |
| LC control number | 2014014273 |
| 020 ## - INTERNATIONAL STANDARD BOOK NUMBER | |
| International Standard Book Number | 9780813565170 (hardcover : alk. paper) |
| 020 ## - INTERNATIONAL STANDARD BOOK NUMBER | |
| International Standard Book Number | 9780813565163 (pbk. : alk. paper) |
| 020 ## - INTERNATIONAL STANDARD BOOK NUMBER | |
| Canceled/invalid ISBN | 9780813565187 (e-book) |
| 040 ## - CATALOGING SOURCE | |
| Original cataloging agency | DLC |
| Language of cataloging | eng |
| Transcribing agency | DLC |
| Description conventions | rda |
| Modifying agency | DLC |
| 042 ## - AUTHENTICATION CODE | |
| Authentication code | pcc |
| 043 ## - GEOGRAPHIC AREA CODE | |
| Geographic area code | a-ja--- |
| 050 00 - LIBRARY OF CONGRESS CALL NUMBER | |
| Classification number | HQ1064.J3 |
| Item number | D352 2014 |
| 082 00 - DEWEY DECIMAL CLASSIFICATION NUMBER | |
| Classification number | 305.260952 |
| Author Mark | DAN |
| 100 1# - MAIN ENTRY--PERSONAL NAME | |
| Personal name | Danely, Jason. |
| 9 (RLIN) | 101764 |
| 245 10 - TITLE STATEMENT | |
| Title | Aging and loss : |
| Remainder of title | mourning and maturity in contemporary Japan / |
| Statement of responsibility, etc. | Jason Danely. |
| 264 #1 - PRODUCTION, PUBLICATION, DISTRIBUTION, MANUFACTURE, AND COPYRIGHT NOTICE | |
| Place of production, publication, distribution, manufacture | New Brunswick : |
| Name of producer, publisher, distributor, manufacturer | Rutgers University Press, |
| Date of production, publication, distribution, manufacture, or copyright notice | [2014] |
| 300 ## - PHYSICAL DESCRIPTION | |
| Extent | xi, 229 pages : |
| Other physical details | illustrations, maps ; |
| Dimensions | 23 cm. |
| 336 ## - CONTENT TYPE | |
| Content type term | text |
| Source | rdacontent |
| 337 ## - MEDIA TYPE | |
| Media type term | unmediated |
| Source | rdamedia |
| 338 ## - CARRIER TYPE | |
| Carrier type term | volume |
| Source | rdacarrier |
| 490 0# - SERIES STATEMENT | |
| Series statement | Global perspectives on aging series |
| 504 ## - BIBLIOGRAPHY, ETC. NOTE | |
| Bibliography, etc. note | Includes bibliographical references (pages 201- 222) and index. |
| 650 #0 - SUBJECT ADDED ENTRY--TOPICAL TERM | |
| Topical term or geographic name entry element | Aging |
| Geographic subdivision | Japan. |
| 9 (RLIN) | 101765 |
| 650 #0 - SUBJECT ADDED ENTRY--TOPICAL TERM | |
| Topical term or geographic name entry element | Older people |
| Geographic subdivision | Japan. |
| 9 (RLIN) | 101766 |
| 650 #0 - SUBJECT ADDED ENTRY--TOPICAL TERM | |
| Topical term or geographic name entry element | Death |
| General subdivision | Social aspects. |
| 9 (RLIN) | 101767 |
| 650 #0 - SUBJECT ADDED ENTRY--TOPICAL TERM | |
| Topical term or geographic name entry element | Mourning customs |
| Geographic subdivision | Japan. |
| 9 (RLIN) | 101768 |
| 906 ## - LOCAL DATA ELEMENT F, LDF (RLIN) | |
| a | 7 |
| b | cbc |
| c | orignew |
| d | 1 |
| e | ecip |
| f | 20 |
| g | y-gencatlg |
| 942 ## - ADDED ENTRY ELEMENTS (KOHA) | |
| Source of classification or shelving scheme | |
| Koha item type | Book |
| Withdrawn status | Lost status | Source of classification or shelving scheme | Damaged status | Not for loan | Permanent Location | Current Location | Date acquired | Source of acquisition | Total Checkouts | Full call number | Barcode | Date last seen | Price effective from | Koha item type |
|---|---|---|---|---|---|---|---|---|---|---|---|---|---|---|
| Central Library (CL) | Central Library (CL) | 10/31/2022 | Donated by Japan Embassy | 305.260952 DAN | CL-D-2135 | 11/02/2022 | 10/31/2022 | Book |
